|
|
|
|
| LEADER |
00953nam a2200325 4500 |
| 001 |
DLU090095486 |
| 005 |
##20091201 |
| 040 |
# |
# |
|a DLU
|b eng
|
| 041 |
# |
# |
|a eng
|
| 044 |
# |
# |
|a us
|
| 245 |
# |
# |
|a Making sense out of sulfated tin dioxide mesostructures /
|c Robert W. J. Scott ... [et al.].
|
| 653 |
# |
# |
|a Anionic surfactants
|
| 653 |
# |
# |
|a Dioxide mesostructures
|
| 653 |
# |
# |
|a Heterogeneous catalysis
|
| 653 |
# |
# |
|a Mesoporosity
|
| 700 |
# |
# |
|a Coombs, Neil.
|
| 700 |
# |
# |
|a Kwong, Keri.
|
| 700 |
# |
# |
|a Mamak, Marc.
|
| 700 |
# |
# |
|a Ozin, Geoffrey A.
|
| 700 |
# |
# |
|a Scott, Robert W. J.
|
| 773 |
# |
# |
|t Journal of Materials Chemistry
|g Vol. 13, no. 6 (2003), p. 1406-1412
|
| 920 |
# |
# |
|a Phòng Tạp chí -- Trung tâm Thông tin - Thư viện Trường Đại học Đà Lạt
|
| 994 |
# |
# |
|a DLU
|
| 900 |
# |
# |
|a True
|
| 911 |
# |
# |
|a Trương Bảo Trâm Anh
|
| 925 |
# |
# |
|a G
|
| 926 |
# |
# |
|a A
|
| 927 |
# |
# |
|a BB
|
| 980 |
# |
# |
|a Thư viện Trường Đại học Đà Lạt
|